Stand Up - Cynthia Erivo - All Lyrics - Statistics

General Stats
  • This quiz has been taken 44 times
  • The average score is 312 of 375
Answer Stats
Answer % Correct
I
100%
a
97%
brand
97%
go
97%
home
97%
me
97%
my
97%
new
97%
Oh,
97%
people
97%
stand
97%
Stand
97%
Take
97%
to
97%
up
97%
we
97%
with
97%
are
93%
going
93%
the
93%
Together
93%
across
90%
can
90%
Can
90%
hear
90%
I'm
90%
river
90%
you
90%
calling?
86%
Calling
86%
calling
86%
Far
86%
feel
86%
freedom
86%
gonna
86%
Gonna
86%
in
86%
it
86%
on
86%
and
83%
And
83%
be
83%
do
83%
Do
83%
keep
83%
that
83%
answer
79%
bones
79%
for
76%
got
76%
sun
76%
what
76%
when
76%
face
72%
keepin'
72%
mind
72%
of
72%
So
72%
any
69%
been
69%
blood
69%
don't
69%
just
69%
run
69%
until
69%
bullet
66%
but
66%
die
66%
eyes
66%
head
66%
if
66%
know
66%
lose
66%
movin'
66%
night
66%
salvation
66%
turned
66%
walkin'
66%
way
66%
back
62%
case
62%
fight
62%
gun
62%
have
62%
Might
62%
might
62%
stars
62%
That's
62%
begins
59%
'cause
59%
fill
59%
tried
59%
alone
55%
hard
55%
line
55%
mornin'
55%
shine
55%
shoulders,
55%
start
55%
We're
55%
what's
55%
while
55%
While
55%
Early
52%
I'll
52%
knows
52%
Lord
52%
sky
52%
strength
52%
waters,
52%
through
48%
fail,
45%
separating
45%
towards
45%
Weight
45%
around
41%
as
41%
clouds
41%
place
41%
before
38%
bend
38%
prepare
38%
made-up
34%
muddy
34%
roll
34%
wading
34%
Sure
31%
No matching quizzes found
Score Distribution
Percent of People with Each Score
Percentile by Number Answered
Your Score History
You have not taken this quiz